00857nam a2200229 a 4500008004100000020001800041041000800059100002400067245006200091250001100153260004300164300001100207500013000218653001800348653003600366653002600402653004300428653004600471653007300517700001500590700002200605200217e2013 ag ||||| |||| 00| 0 spa d a9780470710579 aspa1 aGlassman, Alexander aDepresión y enfermedad cardíaca /cAlexander Glassman a1a ed. aBuenos Aires:bWiley-Blackwell;c2013. a160 p. aGlassman, A., Maj, M. y Sartorius, N. (2013). Depresión y enfermedad cardíaca. (1a ed.). Buenos Aires : Wiley-blackwell.  aEpidemiologia aDepresion y enfermedad cardiaca aMecanismos biologicos aMecanismos conductuales y psicologicos aDepresion y enfermedades cardiovasculares aPsicoterapia para la depresion en pacientes con enfermedad cardiaca1 aMaj, Mario1 aSartorius, Norman